| 000 | 00341nam a2200097Ia 4500 | ||
|---|---|---|---|
| 082 | _a153.94 SHAV | ||
| 245 | 0 | _aPassing psychometric tests : know what to expect and get the job you want | |
| 100 |
_a SHAVICK, Andrea Oxford, 2002 - 2003 1st ed., repr. & rev _996560 |
||
| 942 | _cBK | ||
| 008 | 210817s9999 xx 000 0 und d | ||
| 999 |
_c406184 _d406183 |
||